00397nam a2200145Ia 4500003000400000008004100004040001600045082001500061100002100076245005300097260004000150300001000190650002500200650002600225GCL140319s9999 xx 000 0 eng d aGCL / cGCL04a006.3bC P1 aCHISHOLLM , PAUL10aC PROGRAMMING JUST THE FAQS / cCHISHOLLM , PAUL a[S.N] : bSAMS PUBLISHING ، c1995 a430 P04aC (COMPUTER PROGRAM)04aCOMPUTER - PROPGRAMME